Stranger Things Trivia #A - Statistics

General Stats
  • This quiz has been taken 67 times
  • The average score is 8 of 15
Answer Stats
Hint Answer % Correct
You cant spell __ without Erica America
98%
Jonathans friend in California, works at Surfer Boy Pizza Argyle
91%
Russian scientist, who learns to love american culture Alexei
85%
Bully of Jane in California Angela
83%
Where the party hangs out a lot during Season 2 Arcade
74%
Where Joyce and Murray fly to, after receiving Hoppers letter Alaska
66%
School club the kids were in, that was founded by Bob and led by Scott Clarke A. V. club
62%
Actor of Bob Newby (surname) Sean Astin
45%
Victor creel lives in an __ Asylum
43%
Connected to the human world via the upside down Abyss
26%
Bullies Dustin, after Eddies death Andy
26%
Who wrote that letter (surname) Dmitri Antonov
23%
"I don't want to spend my last moments in what is the __ of Mike Wheeler's basement." -Max Armpit
19%
Lieutenant Robert __ is a member of the U.S. Military and Lt. Colonel Sullivan's partner in Season 5 Akers
15%
What Will experiences according to Dr. Owens, a year after his vanishing Anniversary effect
4%
No matching quizzes found
Score Distribution
Percent of People with Each Score
Percentile by Number Answered
Your Score History
You have not taken this quiz